<?xml version="1.0" encoding="UTF-8"?>
<record
    xmlns:xsi="http://www.w3.org/2001/XMLSchema-instance"
    xsi:schemaLocation="http://www.loc.gov/MARC21/slim http://www.loc.gov/standards/marcxml/schema/MARC21slim.xsd"
    xmlns="http://www.loc.gov/MARC21/slim">

  <leader>00445nam a2200145Ia 4500</leader>
  <controlfield tag="003">OSt</controlfield>
  <controlfield tag="005">20251120140935.0</controlfield>
  <controlfield tag="008">230320s9999||||xx |||||||||||||| ||spa||</controlfield>
  <datafield tag="040" ind1=" " ind2=" ">
    <subfield code="c">UMCH</subfield>
  </datafield>
  <datafield tag="082" ind1=" " ind2=" ">
    <subfield code="a">370.946/M79</subfield>
  </datafield>
  <datafield tag="100" ind1=" " ind2=" ">
    <subfield code="a">Moreno Castillo, Ricardo</subfield>
  </datafield>
  <datafield tag="245" ind1=" " ind2="0">
    <subfield code="a">La Conjura De Los Ignorantes </subfield>
    <subfield code="b">De C&#xF3;mo Los Pedagogos Han Destruido La Ense&#xF1;anza</subfield>
    <subfield code="c">Ricardo Moreno Castillo</subfield>
  </datafield>
  <datafield tag="260" ind1=" " ind2=" ">
    <subfield code="b">Editorial Pasos Perdidos</subfield>
    <subfield code="a">Madrid</subfield>
    <subfield code="c">2016</subfield>
  </datafield>
  <datafield tag="942" ind1=" " ind2=" ">
    <subfield code="c">HM</subfield>
    <subfield code="2">ddc</subfield>
  </datafield>
  <datafield tag="999" ind1=" " ind2=" ">
    <subfield code="c">46261</subfield>
    <subfield code="d">46261</subfield>
  </datafield>
  <datafield tag="952" ind1=" " ind2=" ">
    <subfield code="0">0</subfield>
    <subfield code="1">0</subfield>
    <subfield code="2">ddc</subfield>
    <subfield code="4">0</subfield>
    <subfield code="7">0</subfield>
    <subfield code="a">BC01</subfield>
    <subfield code="b">BC01</subfield>
    <subfield code="d">2023-03-20</subfield>
    <subfield code="l">0</subfield>
    <subfield code="o">370.946/M79</subfield>
    <subfield code="p">026312</subfield>
    <subfield code="r">2023-03-20 00:00:00</subfield>
    <subfield code="t">1</subfield>
    <subfield code="w">2023-03-20</subfield>
    <subfield code="y">LIB</subfield>
  </datafield>
</record>
